01406cam a2200385 a 45000010008000000030004000080050017000120060019000290070015000480080041000630200035001040350026001390380012001650400026001770500023002030820020002262100042002462450092002882460039003802600079004195040051004985060043005495630008005926500028006006500022006286500017006507000029006677000034006967730015007308560097007459100031008429420012008739990017008859520118009027916809OSt20210921105212.0m d cr n 980622s1999 caua sb 001 0 eng d a0262571242 (pbk. : alk. paper) a(WaSeSS)ssj0000355098 akhadija aDLCcDLCdDLCdWaSeSS 4aQA279.2b.C66 199900a519.54221bGLY10aComputation, causation, and discovery00aComputation, causation, and discovery /cedited by Clark Glymour and Gregory F. Cooper.14aComputation, causation & discovery aMenlo Park, Calif. :bAAAI Press ;aCambridge, Mass. :bMIT Press,cc1999. aIncludes bibliographical references and index. aLicense restrictions may limit access. aP.B 0aPrediction theory.9968 0aCausation.951772 0aData mining.1 aGlymour, Clark N.9825331 aCooper, Gregory Floyd.982558 0tMIT CogNet40uhttp://www.columbia.edu/cgi-bin/cul/resolve?clio7916809zFull text available from MIT CogNet aLibrary of Congress record 2ddccBK c31842d31842 00102ddc4070aSMMEbSMMEcGENd2015-07-06o519.54 GLYpSMME-388r2018-01-11w2015-07-06yBKzRack,44-Shelf,2